<?xml version="1.0" encoding="UTF-8"?>
<record
    xmlns:xsi="http://www.w3.org/2001/XMLSchema-instance"
    xsi:schemaLocation="http://www.loc.gov/MARC21/slim http://www.loc.gov/standards/marcxml/schema/MARC21slim.xsd"
    xmlns="http://www.loc.gov/MARC21/slim">

  <leader>00439nam a22001577a 4500</leader>
  <controlfield tag="005">20260107153950.0</controlfield>
  <controlfield tag="008">260107b        |||||||| |||| 00| 0 eng d</controlfield>
  <datafield tag="020" ind1=" " ind2=" ">
    <subfield code="a">978-93-92204-01-2</subfield>
  </datafield>
  <datafield tag="041" ind1=" " ind2=" ">
    <subfield code="a">Mar.</subfield>
  </datafield>
  <datafield tag="100" ind1=" " ind2=" ">
    <subfield code="a">&#x938;&#x93E;&#x924;&#x92D;&#x93E;&#x908;, &#x936;&#x94D;&#x930;&#x940;&#x928;&#x93F;&#x935;&#x93E;&#x938;</subfield>
    <subfield code="9">216204</subfield>
  </datafield>
  <datafield tag="245" ind1=" " ind2=" ">
    <subfield code="a">&#x906;&#x927;&#x941;&#x928;&#x93F;&#x915; &#x91C;&#x917;&#x93E;&#x91A;&#x93E; &#x907;&#x924;&#x93F;&#x939;&#x93E;&#x938;</subfield>
  </datafield>
  <datafield tag="250" ind1=" " ind2=" ">
    <subfield code="a">1st ed.</subfield>
  </datafield>
  <datafield tag="260" ind1=" " ind2=" ">
    <subfield code="a">Vidya Books</subfield>
    <subfield code="b">Aurangabad</subfield>
  </datafield>
  <datafield tag="300" ind1=" " ind2=" ">
    <subfield code="a">542</subfield>
  </datafield>
  <datafield tag="942" ind1=" " ind2=" ">
    <subfield code="c">RF</subfield>
  </datafield>
  <datafield tag="999" ind1=" " ind2=" ">
    <subfield code="c">369732</subfield>
    <subfield code="d">369732</subfield>
  </datafield>
  <datafield tag="952" ind1=" " ind2=" ">
    <subfield code="0">0</subfield>
    <subfield code="1">0</subfield>
    <subfield code="2">ddc</subfield>
    <subfield code="4">0</subfield>
    <subfield code="7">0</subfield>
    <subfield code="a">SSMM</subfield>
    <subfield code="b">SSMM</subfield>
    <subfield code="d">2026-01-07</subfield>
    <subfield code="e">Vidya Books</subfield>
    <subfield code="g">650.00</subfield>
    <subfield code="i">65057</subfield>
    <subfield code="l">0</subfield>
    <subfield code="p">SSMM-BK-33728</subfield>
    <subfield code="r">2026-01-07 15:40:00</subfield>
    <subfield code="w">2025-12-15</subfield>
    <subfield code="y">RF</subfield>
    <subfield code="z">010033728</subfield>
  </datafield>
</record>
